| 000 | 00815 a2200193 4500 | ||
|---|---|---|---|
| 005 | 20240802152642.0 | ||
| 010 | _aB-758964 | ||
| 020 |
_a9788190731942 _c400.00 |
||
| 035 | _aB-758964 | ||
| 037 | _bउपहार | ||
| 082 | _a808.87 | ||
| 100 |
_aअग्रवाल, गौरी _969361 |
||
| 245 |
_aमनोरंजक चुटकुले/ _cगौरी अग्रवाल |
||
| 260 |
_aमथुरा _bप्रगति प्रकाशन _c2023 |
||
| 270 |
_aट्रांसफार्मर के सामने हालनगंज _bमथुरा _e281001 |
||
| 300 |
_a96 पृष्ठ.; _c21cm. (साजिल्द) |
||
| 942 |
_adpl _cCH _2ddc _h808.87 _mअग्रवा |
||
| 999 |
_c202706 _d202706 |
||